Quizzes
Events
Quiz Creation
Community
Videos
Private Events
Remove Ads
Sign In
Join for FREE
Feedback
Dark Mode
Quiz Categories
Sports
Geography
Music
Movies
Television
Just For Fun
Miscellaneous
History
Literature
Language
Science
Gaming
Entertainment
Religion
Holiday
For Kids
Quiz Lab
Recent
Popular Today
Quiz Kudos Today
Editor Picks
Curator Picks
Quizzes by...
Day
Popularity
Type
Ratings
Length
Year
Community
Subscriptions
Recent Discussions
Orange Saloon
Badges
Playlists
Quests
Create
Leaderboards
Showdown
Live 5
Trivia Bingo
Activity
Puzzle Library
Sporcle Events
Private Events
Virtual Trivia
Globe League
Become a Host
Pub Owners
SporcleCon
Opinionation
Our Games
Videos
Blog
Mobile Apps
Partnerships
Remove Ads and Go Orange
Feedback
Geography
Country
Landmarks
City
State
Population
World
Capital
Continent
Flags
Europe
Africa
Asia
South America
North America
Oceania
Border
Canada
United Kingdom
Topography
United States
Geography
Country
Landmarks
City
State
Population
World
Capital
Continent
Flags
Europe
Africa
Asia
South America
North America
Oceania
Border
Canada
United Kingdom
Topography
United States
Random Quiz
Search Sporcle
×
Quiz Lab
Quiz Lab
Geography
City
Type in answers that appear in a list
Type in answers that appear in a list
Classic
Best Score? Go Orange.
Dutch Wikipedia City Popularity Stats
Can you name the world cities whose Dutch Wikipedia pages are most viewed?
By
hilco
5m
30 Questions
582 Plays
582 Plays
582 Plays
Comments
Comments
Give Quiz Kudos
Give Quiz Kudos
-
- Ratings
hide this ad
More Info
Replay
Link that replays current quiz
Next Quiz
Link to next quiz in quiz playlist
You Got
0%
They Got
Avg Score
56%
Avg Friend Score
Upgrade to see
Score Distribution
Jump to the score distribution portion of the page
Score
0/30
Timer
05:00
0
Plays Today
Overall ranking
City
% Correct
34
Amsterdam
97.9%
121
Rotterdam
91.1%
166
The Hague
84%
47
New York City
80.8%
24
Paris
78.7%
64
London
78.5%
68
Berlin
76.8%
120
Rome
74.9%
211
Utrecht
74.9%
282
Madrid
72.5%
253
Brussels
68.9%
529
Eindhoven
68.6%
453
Groningen
67.5%
87
Barcelona
66%
244
Los Angeles
65.8%
Overall ranking
City
% Correct
354
Maastricht
62.5%
165
Antwerp
51.9%
406
Nijmegen
46.4%
689
Arnhem
46.2%
553
Istanbul
43%
534
Haarlem
41.8%
420
Prague
36.3%
300
Ghent
34.7%
721
San Francisco
32.6%
350
Bruges
32.3%
703
Hong Kong
29%
282
Venice
28.7%
490
Cologne
27.3%
347
Florence
16.3%
632
Valencia
13.2%
Quiz Playlist
Details
Report
Send in Message
Add To Playlist
More Info:
Credits to Blackbaph for the idea of this quiz.
Classic:
Type in answers that appear in a list
Quiz Source
Last Updated: Feb 16, 2017
Quiz Scoreboard
CHALLENGE
Sign Up to Join the Scoreboard
Show All
Scores
Hide
Comments
May contain spoilers
Recently Published
Pick 6: Fruits
by JohnFran
Miscellaneous
15s
Click the 1999 NBA Draft
by nibperrychub
Sports
2m
Alphabetical 'K' Countries by Flag Minefield
by ylime102
Geography
3m
More to Explore
Quiz From the Vault
Featured Blog Post
15 Basketball Trivia Facts You Can Be March Mad About
hide this ad
You Might Also Like...
Tags
City Quiz
Popular Quiz
World Quiz
dutch
Fewer
hit
Overall
page
Viewed
Wikipedia
Today's Top Quizzes in Geography
Browse Geography
hide this ad
Today's Top Quizzes in City
Browse City
Top Contributed Quizzes in Geography
1
Countries of the World - No Outlines Minefield
2
Alphabetical 'L' Countries By Flag Minefield
3
Pick 6: Mountains
4
Pick 6: US States
5
Complete the Map Snippet (Minefield) IX
6
Pick 6: National Parks
7
Find the Landmarks A-Z
8
Erase Asia (No Outlines or Skips)
9
Least Populated Answer: 'G' Countries
10
Complete the Map Snippet (Minefield) XIV
Explore More
Trending Topics
NBA
Marvel
Kpop
Anime
Harry Potter
Crossword
Disney
WWE
Pokémon
The Office
Country
NFL
Song
Soccer
Puzzle
hide this ad
More By:
hilco
Quiz
Plays
Rating
Category
Featured
Created
All Land Borders: Americas
19,097
4.46
Geography
Jan 11, 2015
50 Largest Cities in Former Yugoslavia
13,004
4.34
Geography
Feb 10, 2013
Corrected UEFA Ranking Top 100 (2016)
9,096
4.33
Sports
Feb 4, 2017
Corrected UEFA Ranking Top 100 (2015)
8,326
4.65
Sports
Jul 7, 2015
100 Largest Cities in Germany
5,242
4.75
Geography
Sep 2, 2012
Go to Creator's Profile
Score Distribution
Quiz Creator Spotlight
hilco
Follow
Send a Message
Quizzes Created
-
Created Quiz Play Count
-
More By This Creator
Popular Quizzes Today
1
Find the US States - No Outlines Minefield
2
Countries of Asia Without Outlines Minefield
3
Pick 6: Fruits
4
The Countries of the World
5
Alphabetical 'K' Countries by Flag Minefield
6
Click the 1999 NBA Draft
7
Find the US States
8
Match the Book to the Film X
More Geography Quizzes
Europe per 3rd Letter
Published
Trending Quizzes
Pick 6: Harry Potter
Pick 6: Mountains
Pick 6: NFL Teams
Pick 6: Movie Franchises
Pick 6: Golfers
Recently Updated
Women's Final Four Teams by Year
bhenderson79
Presidents Quartet II
eogle
Anything But Clue(do)
eogle
Anything But Oceanian Capitals
eogle
Anything But 7
eogle
Anything But Thing
eogle
Word Ladder: February 29
pecheneg
Song Title Questions
pecheneg
Women's NCAA Tournament #1 Seeds
pecheneg
Celebrity Mug Shots
pecheneg
Trending Topics
Marvel
Kpop
NBA
Crossword
Anime
Harry Potter
Disney
The Office
Soccer
Song
Country
NFL
Pokémon
WWE
Puzzle
Your Account Isn't Verified!
In order to create a playlist on Sporcle, you need to verify the email address you used during registration. Go to your
Sporcle Settings
to finish the process.
Report this User
Report this user for behavior that violates our
Community Guidelines
.
Details:
Send Report
Go to the Sporcle.com Mobile Site →
Comments